| Tag |
First Indicator |
Second Indicator |
Subfields |
| LEADER |
00000cam a2200000 i 4500 |
| 001 |
in00000032837 |
| 005 |
20151007063233.0 |
| 008 |
781102s1905 nyua 00001 eng d |
| 035 |
|
|
|a (OCoLC)04341772
|
| 035 |
|
|
|9 AAD6882AM
|
| 040 |
|
|
|a BAL
|c BAL
|d TXA
|d UtOrBLW
|
| 049 |
|
|
|a TXAM
|c [133486]
|
| 090 |
|
|
|a PS2972
|b .C64 1905
|
| 092 |
|
|
|a 813
|b T187co
|
| 100 |
1 |
|
|a Tarkington, Booth,
|d 1869-1946.
|
| 245 |
1 |
4 |
|a The conquest of Canaan :
|b a novel /
|c illustrations by Lucius W. Hitchcock.
|
| 264 |
|
1 |
|a New York :
|b Harper & Brothers,
|c 1905.
|
| 300 |
|
|
|a 388 pages :
|b illustrations ;
|c 19 cm.
|
| 336 |
|
|
|a text
|b txt
|2 rdacontent
|
| 337 |
|
|
|a unmediated
|b n
|2 rdamedia
|
| 338 |
|
|
|a volume
|b nc
|2 rdacarrier
|
| 999 |
|
|
|a MARS
|
| 999 |
f |
f |
|s dd550c71-4315-3d95-8638-decdc807a43d
|i fb3576e0-a355-33bb-b7f1-d1e9ecc0d804
|t 0
|
| 952 |
f |
f |
|p ric
|a Texas A&M University
|b Rellis Campus
|c Joint Library Facility
|d Remote Storage
|t 0
|e PS2972 .C64 1905
|h Library of Congress classification
|i unmediated -- volume
|m A14801252704
|
| 998 |
f |
f |
|a PS2972 .C64 1905
|t 0
|l Remote Storage
|